| 000 | 00840nac a22002297a 4500 | ||
|---|---|---|---|
| 001 | BR8707510 | ||
| 003 | BR-BrBNA | ||
| 005 | 20240105120634.0 | ||
| 008 | 230509b bl.|||m| |||| 00| 0 por d | ||
| 040 |
_aBR-BrBNA _bpor _cBiblioteca Nacional de Agricultura |
||
| 072 | _aP05 | ||
| 090 | _aP05 BR8707510 | ||
| 110 | 1 | _aEmpresa Brasileira de Assistencia Tecnica e Extensao Rural, Brasilia, DF (Brasil) | |
| 245 | 1 |
_aEnergia solar; coletor solar de baixo custo (2) _bProducao e utilizacao de energia |
|
| 260 | 3 |
_aBrasilia, DF (Brasil): _c1986. |
|
| 300 | _ap. 65-66 | ||
| 490 |
_aFichario de Tecnologias Adaptadas - Empresa Brasileira de Assistencia Tecnica e Extensao Rural (Brazil) _vv. 28(674) _x |
||
| 650 | _aENERGIA SOLAR | ||
| 650 | _aCOLETOR SOLAR | ||
| 909 |
_a202312 _bLúcia Elande _c55 _dLúcia Elande |
||
| 942 |
_2AGRIS _n0 _cMS |
||
| 999 |
_c280615 _d280615 |
||